[Event "Mindsports Open 5th"]
[Site "London"]
[Date "2025.08.14"]
[Round "2.12"]
[White "Hoffman, Luc"]
[Black "Balaji, Aaravamudhan"]
[Result "1/2-1/2"]
[WhiteElo "2123"]
[BlackElo "2394"]
[PlyCount "76"]
[EventDate "2025.08.13"]
[EventType "swiss"]
[EventRounds "9"]
[EventCountry "ENG"]
[SourceTitle "BritBase"]
[Source "John Saunders"]
[SourceDate "2025.08.18"]
[SourceVersion "1"]
[SourceVersionDate "2025.08.18"]
[SourceQuality "1"]

1. e4 g6 2. d4 Bg7 3. Nf3 d6 4. Bc4 Nf6 5. Qe2 Nc6 6. h3 e5 7. dxe5 Nxe5 8. Nxe5 dxe5 9. Nc3 c6 10. a4 Nh5 11. Qf3 O-O 12. O-O Qh4 13. Ne2 Kh8 14. g4 Be6 15. Bb3 Nf4 16. Nxf4 exf4 17. Bxf4 Bxb2 18. Rab1 Bg7 19. Qg3 Qxg3+ 20. Bxg3 b6 21. Bxe6 fxe6 22. Rbd1 Rad8 23. Bh4 Rd4 24. Rxd4 Bxd4 25. Rd1 c5 26. Rd3 e5 27. Kg2 c4 28. Rd1 c3 29. f3 Rc8 30. f4 Rc4 31. fxe5 Bxe5 32. Rd5 Bf4 33. Kf3 g5 34. Rd8+ Kg7 35. Rd7+ Kg8 36. Rxa7 Rb4 37. a5 bxa5 38. Rxa5 gxh4 1/2-1/2

[Event "Mindsports Open 5th"]
[Site "London"]
[Date "2025.08.14"]
[Round "2.13"]
[White "Lohia, Sohum"]
[Black "Patel, Zain"]
[Result "1-0"]
[WhiteElo "2387"]
[BlackElo "2048"]
[PlyCount "93"]
[EventDate "2025.08.13"]
[EventType "swiss"]
[EventRounds "9"]
[EventCountry "ENG"]
[SourceTitle "BritBase"]
[Source "John Saunders"]
[SourceDate "2025.08.18"]
[SourceVersion "1"]
[SourceVersionDate "2025.08.18"]
[SourceQuality "1"]

1. e4 e5 2. Nf3 Nc6 3. Bb5 Nge7 4. Nc3 Ng6 5. d4 exd4 6. Nxd4 Bc5 7. Be3 Bxd4 8. Bxd4 Qg5 9. g3 Nxd4 10. Qxd4 Ne5 11. Be2 Nc6 12. Qd5 Qxd5 13. exd5 Nd4 14. Bd3 d6 15. O-O-O Bg4 16. Rde1+ Kd7 17. Nb5 Nxb5 18. Bxb5+ c6 19. Bc4 Bf3 20. dxc6+ bxc6 21. Rhg1 d5 22. Bd3 Rae8 23. Kd2 Bh5 24. f4 Bf3 25. Rgf1 Bg2 26. Rg1 Bf3 27. Kc3 Kd6 28. b4 c5 29. bxc5+ Kxc5 30. Rb1 Re7 31. Rb5+ Kc6 32. Rgb1 Be2 33. Kd4 Bf3 34. Ra5 Ra8 35. Ra6+ Kd7 36. Rb7+ Ke8 37. Bb5+ Kf8 38. Raxa7 Re4+ 39. Kc5 Rxa7 40. Rxa7 Bd1 41. c3 g6 42. a4 Bb3 43. a5 Re1 44. a6 Rc1 45. Kb6 Rb1 46. Rc7 Bc4 47. Rxc4 1-0

[Event "Mindsports Open 5th"]
[Site "London"]
[Date "2025.08.14"]
[Round "2.14"]
[White "Adams, Henry"]
[Black "Hobson, Kenneth"]
[Result "1/2-1/2"]
[WhiteElo "2114"]
[BlackElo "2361"]
[PlyCount "204"]
[EventDate "2025.08.13"]
[EventType "swiss"]
[EventRounds "9"]
[EventCountry "ENG"]
[SourceTitle "BritBase"]
[Source "John Saunders"]
[SourceDate "2025.08.18"]
[SourceVersion "1"]
[SourceVersionDate "2025.08.18"]
[SourceQuality "1"]

1. d4 Nf6 2. c4 e6 3. g3 c5 4. d5 exd5 5. cxd5 b5 6. a4 b4 7. a5 d6 8. Nd2 g6 9. Bg2 Bg7 10. Nc4 O-O 11. Nf3 Bb7 12. Bf4 Bxd5 13. Bxd6 Re8 14. Rc1 Na6 15. O-O Rc8 16. Bf4 Bxc4 17. Rxc4 Qxa5 18. Qc2 Nd5 19. Ng5 Nb6 20. Bb7 Rcd8 21. Bxa6 Qxa6 22. Rxc5 h6 23. Nxf7 Kxf7 24. Rc6 Bf6 25. Bxh6 Qxe2 26. Qb3+ Nd5 27. Rd1 Re6 28. Rc5 Qh5 29. Be3 Nxe3 30. Rc7+ Be7 31. Rxd8 Kf6 32. Rxe7 Rxe7 33. Rf8+ Kg7 34. Rg8+ Kh7 35. fxe3 Qf3 36. Rb8 Rf7 37. Qd3 Qf2+ 38. Kh1 Qxb2 39. Qc4 Qf6 40. Rxb4 Qf3+ 41. Kg1 Qxe3+ 42. Kg2 Qf3+ 43. Kh3 Rf5 44. Qc7+ Kh6 45. Rh4+ Rh5 46. Qc1+ g5 47. Rxh5+ Qxh5+ 48. Kg2 Qe2+ 49. Kg1 Kh5 50. Qc5 Qe1+ 51. Kg2 Qe4+ 52. Kg1 Qb1+ 53. Kf2 Qb2+ 54. Kf3 Qb7+ 55. Kf2 a6 56. h4 Qb2+ 57. Kg1 Qb1+ 58. Kf2 Qb2+ 59. Kg1 Qd2 60. hxg5 a5 61. Qc4 Kxg5 62. Qh4+ Kf5 63. Qh5+ Ke4 64. Qg4+ Ke3 65. Qf4+ Ke2 66. Qf1+ Ke3 67. Qf4+ Kd3 68. Qf5+ Kc4 69. Qe6+ Qd5 70. Qe2+ Kb3 71. Qe3+ Kc4 72. Qe2+ Kc5 73. Qe7+ Kb6 74. Qf6+ Qc6 75. Qb2+ Ka6 76. Qe2+ Qb5 77. Qe4 a4 78. Qa8+ Kb6 79. Qb8+ Ka5 80. Qa7+ Kb4 81. Qd4+ Kb3 82. Qd1+ Ka2 83. Qd2+ Qb2 84. Qd5+ Ka1 85. g4 a3 86. g5 Qc1+ 87. Kf2 Qc2+ 88. Kg3 a2 89. Qd4+ Kb1 90. Qb4+ Kc1 91. Qd4 Qb2 92. Qc4+ Kd2 93. Qf4+ Kc3 94. Qe5+ Kc2 95. Qe2+ Kb1 96. Qe1+ Qc1 97. Qb4+ Kc2 98. Qc4+ Kb1 99. Qb4+ Qb2 100. Qe1+ Kc2 101. Qe2+ Kb3 102. Qb5+ Kc2 1/2-1/2

[Event "Mindsports Open 5th"]
[Site "London"]
[Date "2025.08.14"]
[Round "2.15"]
[White "Safar, Sandro"]
[Black "Verbytski, Oleg"]
[Result "1-0"]
[WhiteElo "2354"]
[BlackElo "2001"]
[PlyCount "95"]
[EventDate "2025.08.13"]
[EventType "swiss"]
[EventRounds "9"]
[EventCountry "ENG"]
[SourceTitle "BritBase"]
[Source "John Saunders"]
[SourceDate "2025.08.18"]
[SourceVersion "1"]
[SourceVersionDate "2025.08.18"]
[SourceQuality "1"]

1. d4 d5 2. Nc3 e6 3. Bf4 Nf6 4. Nb5 Na6 5. e3 Be7 6. Nf3 O-O 7. Bd3 c6 8. Nc3 Nb4 9. a3 Nxd3+ 10. cxd3 b6 11. O-O c5 12. Re1 Bb7 13. h3 Rc8 14. Rc1 a6 15. Qe2 Nd7 16. Bg3 b5 17. dxc5 Nxc5 18. b4 Nd7 19. Na2 Qb6 20. Ne5 Nf6 21. Bh4 d4 22. Bxf6 Bxf6 23. Nd7 Qd8 24. Rxc8 Qxd7 25. Rxf8+ Kxf8 26. e4 e5 27. Rc1 g6 28. Qc2 Qe6 29. Ra1 Qd7 30. Nc1 Bc8 31. Nb3 Qd8 32. Rc1 Be6 33. Na5 Bg5 34. Qc7 Qf6 35. Rc5 Bh4 36. Qb8+ Kg7 37. Qxe5 Bxf2+ 38. Kf1 Qxe5 39. Rxe5 Be3 40. Rc5 f5 41. exf5 gxf5 42. Rc6 Bf7 43. Nb7 f4 44. Rxa6 Bd5 45. Nd6 Kg6 46. Nxb5+ Kg5 47. Nxd4 Kh4 48. Nf5+ 1-0

[Event "Mindsports Open 5th"]
[Site "London"]
[Date "2025.08.14"]
[Round "2.16"]
[White "Pal, Rohan"]
[Black "Kalavannan, Koby"]
[Result "1-0"]
[WhiteElo "1909"]
[BlackElo "2323"]
[PlyCount "97"]
[EventDate "2025.08.13"]
[EventType "swiss"]
[EventRounds "9"]
[EventCountry "ENG"]
[SourceTitle "BritBase"]
[Source "John Saunders"]
[SourceDate "2025.08.18"]
[SourceVersion "1"]
[SourceVersionDate "2025.08.18"]
[SourceQuality "1"]

1. c4 b6 2. d4 Bb7 3. Nf3 e6 4. Bf4 Bb4+ 5. Nfd2 Nf6 6. a3 Be7 7. e3 O-O 8. Nc3 c5 9. d5 exd5 10. cxd5 Bxd5 11. Nxd5 Nxd5 12. Qf3 Nc7 13. Qb7 d6 14. Nc4 Nd7 15. Nxd6 Ne6 16. Bg3 c4 17. Bxc4 Ndc5 18. Qd5 Bf6 19. Rb1 Na4 20. Be5 b5 21. Qxb5 Nac5 22. Bxf6 Qxd6 23. Rd1 Qc7 24. Bxe6 fxe6 25. Bd4 Ne4 26. O-O Rf5 27. Qd3 Rh5 28. h3 Qb7 29. Bc3 Rg5 30. Qd7 Qa6 31. Qe7 Qc6 32. Qd7 Qxd7 33. Rxd7 Nxc3 34. bxc3 Ra5 35. Rb1 Rxa3 36. Rbb7 a5 37. Rxg7+ Kf8 38. Rxh7 Kg8 39. Rbg7+ Kf8 40. Rh8+ Kxg7 41. Rxa8 Ra2 42. g4 a4 43. Kg2 Ra1 44. f4 a3 45. Kf3 a2 46. Ke4 Kf6 47. g5+ Kg6 48. c4 e5 49. Ra6+ 1-0

[Event "Mindsports Open 5th"]
[Site "London"]
[Date "2025.08.14"]
[Round "2.17"]
[White "Radeva, Viktoria"]
[Black "Steiners, Emils"]
[Result "1-0"]
[WhiteElo "2317"]
[BlackElo "1933"]
[PlyCount "53"]
[EventDate "2025.08.13"]
[EventType "swiss"]
[EventRounds "9"]
[EventCountry "ENG"]
[SourceTitle "BritBase"]
[Source "John Saunders"]
[SourceDate "2025.08.18"]
[SourceVersion "1"]
[SourceVersionDate "2025.08.18"]
[SourceQuality "1"]

1. e4 c5 2. Nf3 Nc6 3. d4 cxd4 4. Nxd4 Nf6 5. Nc3 e5 6. Ndb5 d6 7. Bg5 a6 8. Na3 b5 9. Nd5 Be7 10. Bxf6 Bxf6 11. c4 b4 12. Nc2 O-O 13. h4 a5 14. Qf3 Be7 15. Be2 f5 16. exf5 Bxf5 17. Bd3 Bxd3 18. Qxd3 Bxh4 19. Qe4 Bxf2+ 20. Ke2 h6 21. Rxh6 Qg5 22. Qh7+ Kf7 23. Rf6+ Ke8 24. Rxf8+ Kxf8 25. Kxf2 Ra7 26. Qh8+ Kf7 27. Kg1 1-0

[Event "Mindsports Open 5th"]
[Site "London"]
[Date "2025.08.14"]
[Round "2.18"]
[White "White, Chris"]
[Black "Gombocz, Ferenc Jr"]
[Result "0-1"]
[WhiteElo "1817"]
[BlackElo "2315"]
[PlyCount "34"]
[EventDate "2025.08.13"]
[EventType "swiss"]
[EventRounds "9"]
[EventCountry "ENG"]
[SourceTitle "BritBase"]
[Source "John Saunders"]
[SourceDate "2025.08.18"]
[SourceVersion "1"]
[SourceVersionDate "2025.08.18"]
[SourceQuality "1"]

1. d4 d5 2. Nf3 Nf6 3. e3 e6 4. a3 b6 5. b3 Bb7 6. Bb2 Nbd7 7. Bd3 g6 8. O-O Bg7 9. c4 O-O 10. Nc3 Ne4 11. Rc1 f5 12. cxd5 exd5 13. Ne2 c6 14. Rc2 Qe7 15. Qa1 Rfe8 16. a4 a6 17. Rfc1 Nxf2 0-1

[Event "Mindsports Open 5th"]
[Site "London"]
[Date "2025.08.14"]
[Round "2.19"]
[White "Sofronie, Iulian"]
[Black "Oleszczuk, Artur"]
[Result "1/2-1/2"]
[WhiteElo "2372"]
[BlackElo "1868"]
[PlyCount "40"]
[EventDate "2025.08.13"]
[EventType "swiss"]
[EventRounds "9"]
[EventCountry "ENG"]
[SourceTitle "BritBase"]
[Source "John Saunders"]
[SourceDate "2025.08.18"]
[SourceVersion "1"]
[SourceVersionDate "2025.08.18"]
[SourceQuality "1"]

1. d4 Nf6 2. Nf3 b6 3. Bf4 Bb7 4. h3 g6 5. e3 Bg7 6. Nbd2 Ne4 7. Nxe4 Bxe4 8. h4 h6 9. Bd3 Bxd3 10. Qxd3 d6 11. e4 Nd7 12. c3 e5 13. dxe5 Bxe5 14. Bxe5 dxe5 15. O-O-O Qe7 16. Qd5 Rd8 17. Qc6 Qe6 18. Qxc7 Qxa2 19. Rhe1 O-O 20. g3 a5 1/2-1/2

[Event "Mindsports Open 5th"]
[Site "London"]
[Date "2025.08.14"]
[Round "2.20"]
[White "Sachdeva, Ronit"]
[Black "Csonka, Balazs"]
[Result "0-1"]
[WhiteElo "2058"]
[BlackElo "2467"]
[PlyCount "42"]
[EventDate "2025.08.13"]
[EventType "swiss"]
[EventRounds "9"]
[EventCountry "ENG"]
[SourceTitle "BritBase"]
[Source "John Saunders"]
[SourceDate "2025.08.18"]
[SourceVersion "1"]
[SourceVersionDate "2025.08.18"]
[SourceQuality "1"]

1. e4 c5 2. Nf3 d6 3. d4 cxd4 4. Nxd4 Nf6 5. Nc3 Nc6 6. Bg5 Bd7 7. Qd2 Rc8 8. f3 Nxd4 9. Qxd4 Qa5 10. Qd2 h6 11. Be3 e6 12. O-O-O d5 13. e5 Bb4 14. exf6 Rxc3 15. fxg7 Rg8 16. a3 Rxa3 17. bxa3 Bxd2+ 18. Bxd2 Qxa3+ 19. Kb1 Rxg7 20. Bxh6 Rg6 21. Bd2 e5 0-1

[Event "Mindsports Open 5th"]
[Site "London"]
[Date "2025.08.14"]
[Round "2.21"]
[White "Mesropyan, Hayk"]
[Black "Hauge, Lars Oskar"]
[Result "0-1"]
[WhiteElo "1972"]
[BlackElo "2460"]
[PlyCount "94"]
[EventDate "2025.08.13"]
[EventType "swiss"]
[EventRounds "9"]
[EventCountry "ENG"]
[SourceTitle "BritBase"]
[Source "John Saunders"]
[SourceDate "2025.08.18"]
[SourceVersion "1"]
[SourceVersionDate "2025.08.18"]
[SourceQuality "1"]

1. e4 c5 2. Nf3 e6 3. d3 Nc6 4. g3 g6 5. Bg5 Qb6 6. Nbd2 Qxb2 7. Nc4 Qg7 8. Rb1 f6 9. Bf4 e5 10. Be3 Nh6 11. c3 Nf7 12. d4 cxd4 13. cxd4 Bb4+ 14. Bd2 Bxd2+ 15. Qxd2 exd4 16. Nxd4 O-O 17. Bg2 b6 18. Nb5 Ba6 19. Qxd7 Rac8 20. Ncd6 Nxd6 21. Qxd6 Rfd8 22. Qe6+ Kh8 23. a4 Bxb5 24. axb5 Nd4 25. Qg4 Nc2+ 26. Kf1 Na3 27. Re1 Rc2 28. Bf3 Nxb5 29. h4 Qd7 30. Qf4 Qd4 31. Rh2 Qe5 32. Qg4 Nd4 33. Rd1 b5 34. h5 g5 35. h6 b4 36. Qh5 Rc7 37. Kg2 b3 38. Rd2 Qe7 39. Rh1 Rc2 40. Rhd1 Rxd2 41. Rxd2 a5 42. Bd1 a4 43. Kf1 Kg8 44. f4 Qb4 45. Rf2 b2 46. fxg5 b1=Q 47. Qg4 Qb5+ 0-1

[Event "Mindsports Open 5th"]
[Site "London"]
[Date "2025.08.14"]
[Round "2.22"]
[White "Bevis, Noah"]
[Black "Badacsonyi, Stanley"]
[Result "0-1"]
[WhiteElo "1966"]
[BlackElo "2309"]
[PlyCount "92"]
[EventDate "2025.08.13"]
[EventType "swiss"]
[EventRounds "9"]
[EventCountry "ENG"]
[SourceTitle "BritBase"]
[Source "John Saunders"]
[SourceDate "2025.08.18"]
[SourceVersion "1"]
[SourceVersionDate "2025.08.18"]
[SourceQuality "1"]

1. d4 Nf6 2. Bf4 g6 3. e3 Bg7 4. Nf3 d6 5. h3 O-O 6. Be2 Nc6 7. O-O Nd7 8. Bh2 e5 9. c3 f5 10. dxe5 dxe5 11. Qb3+ Kh8 12. Rd1 Qf6 13. Na3 g5 14. Nd2 Nb6 15. Qc2 Be6 16. Nb3 Qe7 17. Qd2 a5 18. Qe1 Na4 19. Qd2 Nb6 20. Qe1 a4 21. Nc1 Bf7 22. Bb5 h5 23. f4 gxf4 24. exf4 e4 25. Ne2 Rg8 26. Bxc6 bxc6 27. Nd4 Qf6 28. Bg3 Qg6 29. Ne2 Bf6 30. Qf1 h4 31. Bf2 Nc4 32. Nxc4 Bxc4 33. Bd4 Bd5 34. Qf2 Rg7 35. Bxf6 Qxf6 36. Qe3 Rag8 37. g3 Rxg3+ 38. Nxg3 Rxg3+ 39. Qxg3 hxg3 40. Rd4 Qh4 41. Kg2 e3+ 42. Rxd5 cxd5 43. Rf1 c5 44. Rf3 d4 45. cxd4 cxd4 46. Rxg3 e2 0-1

[Event "Mindsports Open 5th"]
[Site "London"]
[Date "2025.08.14"]
[Round "2.23"]
[White "Fitzsimons, David"]
[Black "Deepak Ambattu, Rithvik"]
[Result "0-1"]
[WhiteElo "2308"]
[BlackElo "1990"]
[PlyCount "102"]
[EventDate "2025.08.13"]
[EventType "swiss"]
[EventRounds "9"]
[EventCountry "ENG"]
[SourceTitle "BritBase"]
[Source "John Saunders"]
[SourceDate "2025.08.18"]
[SourceVersion "1"]
[SourceVersionDate "2025.08.18"]
[SourceQuality "1"]

1. e4 c5 2. Nf3 d6 3. d4 cxd4 4. Nxd4 Nf6 5. Nc3 a6 6. f4 Qc7 7. f5 b5 8. a4 b4 9. Nd5 Nxd5 10. exd5 Bb7 11. Be2 g6 12. Be3 Bg7 13. Qd2 Nd7 14. Qxb4 Bxd5 15. O-O O-O 16. Qd2 Bc4 17. Bxc4 Qxc4 18. b3 Qc7 19. Rad1 Nc5 20. Bh6 Ne4 21. Qf4 Nf6 22. Rd3 Qc5 23. Kh1 Nh5 24. Qd2 e5 25. Bxg7 Nxg7 26. f6 Nh5 27. Ne2 Rad8 28. Rh3 Kh8 29. Qh6 Rg8 30. Ng3 Qxc2 31. Rc1 Qf2 32. Rg1 Qf4 33. Qxf4 Nxf4 34. Rh6 d5 35. Rc1 Rc8 36. Re1 Rge8 37. Nf1 Nd3 38. Rb1 e4 39. Ng3 Nc1 40. b4 e3 41. b5 axb5 42. axb5 e2 43. Nxe2 Nxe2 44. Rh3 Nc3 45. Rf1 Nxb5 46. Rb3 Nd6 47. Rb6 Re6 48. Kg1 Ne4 49. Rb7 Kg8 50. g3 Rxf6 51. Ra1 Rc2 0-1

[Event "Mindsports Open 5th"]
[Site "London"]
[Date "2025.08.14"]
[Round "2.24"]
[White "Golub, Nikolina"]
[Black "San Emeterio Cabanes, Jose L"]
[Result "0-1"]
[WhiteElo "1933"]
[BlackElo "2303"]
[PlyCount "180"]
[EventDate "2025.08.13"]
[EventType "swiss"]
[EventRounds "9"]
[EventCountry "ENG"]
[SourceTitle "BritBase"]
[Source "John Saunders"]
[SourceDate "2025.08.18"]
[SourceVersion "1"]
[SourceVersionDate "2025.08.18"]
[SourceQuality "1"]

1. d4 Nf6 2. c4 Nc6 3. Nc3 e5 4. d5 Ne7 5. e4 Ng6 6. Nf3 Bb4 7. Qc2 O-O 8. Bd2 a6 9. a3 Bc5 10. b4 Ba7 11. c5 d6 12. Na4 Bd7 13. Nb2 c6 14. dxc6 Bxc6 15. Bd3 Rc8 16. O-O dxc5 17. bxc5 Bxc5 18. Qxc5 Bxe4 19. Qe3 Bxd3 20. Nxd3 e4 21. Bb4 Re8 22. Rfd1 exd3 23. Qxd3 Qxd3 24. Rxd3 Nf4 25. Rdd1 h6 26. g3 N4d5 27. Be1 Rc4 28. Rd4 Rec8 29. Rad1 Rxd4 30. Nxd4 Rc4 31. Nf5 b6 32. Kf1 Rc2 33. Rd3 a5 34. Ne3 Nxe3+ 35. Rxe3 Rb2 36. Rd3 Ne4 37. Rd8+ Kh7 38. Rb8 a4 39. Kg2 Nd6 40. Bb4 Nc4 41. Ra8 b5 42. Rb8 Rb3 43. Rb7 Kg6 44. Bf8 Kf6 45. Bb4 g5 46. h3 h5 47. g4 hxg4 48. hxg4 Kg6 49. Rb8 Kf6 50. Rb7 Kg6 51. Rb8 Nxa3 52. Bxa3 Rxa3 53. Rxb5 Rb3 54. Ra5 a3 55. Ra6+ Kg7 56. Kf1 Rb1+ 57. Kg2 Rb3 58. Kf1 Kf8 59. Ra7 Rf3 60. Ke2 Rh3 61. Kd2 Kg7 62. Ra6 f6 63. Ra7+ Kg6 64. Ra6 Rb3 65. Kc2 Rb2+ 66. Kc1 Rxf2 67. Rxa3 f5 68. Ra6+ Kg7 69. gxf5 Rxf5 70. Kd2 Re5 71. Kd3 Kf7 72. Kd4 Re1 73. Ra3 Kf6 74. Rf3+ Kg6 75. Rf8 g4 76. Rg8+ Kf5 77. Rf8+ Kg5 78. Rg8+ Kh4 79. Rh8+ Kg3 80. Rg8 Kf3 81. Rf8+ Kg2 82. Rg8 g3 83. Kd3 Kf2 84. Rf8+ Kg1 85. Kd2 Re5 86. Rg8 g2 87. Kd1 Kf2 88. Rf8+ Kg3 89. Rg8+ Kf3 90. Rf8+ Kg4 0-1

[Event "Mindsports Open 5th"]
[Site "London"]
[Date "2025.08.14"]
[Round "2.25"]
[White "Kiremitciyan, Ari"]
[Black "Hafstad, Leif"]
[Result "1/2-1/2"]
[WhiteElo "2271"]
[BlackElo "1969"]
[PlyCount "67"]
[EventDate "2025.08.13"]
[EventType "swiss"]
[EventRounds "9"]
[EventCountry "ENG"]
[SourceTitle "BritBase"]
[Source "John Saunders"]
[SourceDate "2025.08.18"]
[SourceVersion "1"]
[SourceVersionDate "2025.08.18"]
[SourceQuality "1"]

1. Nf3 d5 2. g3 Bg4 3. Bg2 Nd7 4. h3 Bh5 5. c4 e6 6. O-O Ngf6 7. d4 Bd6 8. cxd5 exd5 9. Nh4 Bg6 10. Qb3 Nb6 11. Bg5 O-O 12. Nc3 c6 13. a4 Rb8 14. a5 Nbd7 15. Nxg6 hxg6 16. e4 dxe4 17. Bxe4 Qc7 18. Bg2 a6 19. Qc4 Rfe8 20. b4 Nh7 21. Bd2 Ndf6 22. Rfe1 Rbd8 23. Rac1 Rxe1+ 24. Rxe1 Nf8 25. Ne4 Nxe4 26. Bxe4 Qd7 27. h4 Be7 28. Bc3 Bf6 29. Re3 Qg4 30. Bf3 Qf5 31. Be4 Qg4 32. Bf3 Qf5 33. Be4 Qg4 34. Bf3 1/2-1/2

[Event "Mindsports Open 5th"]
[Site "London"]
[Date "2025.08.14"]
[Round "2.26"]
[White "Sajanani, Vikas"]
[Black "Li, Harry"]
[Result "0-1"]
[WhiteElo "1892"]
[BlackElo "2242"]
[PlyCount "100"]
[EventDate "2025.08.13"]
[EventType "swiss"]
[EventRounds "9"]
[EventCountry "ENG"]
[SourceTitle "BritBase"]
[Source "John Saunders"]
[SourceDate "2025.08.18"]
[SourceVersion "1"]
[SourceVersionDate "2025.08.18"]
[SourceQuality "1"]

1. d4 d5 2. c4 e6 3. Nc3 Nf6 4. Bg5 dxc4 5. e3 c5 6. Nf3 cxd4 7. exd4 Be7 8. Bxc4 Nc6 9. O-O O-O 10. Rc1 b6 11. Qd3 Bb7 12. Rfd1 h6 13. Bh4 Nb4 14. Qe2 Nfd5 15. Bg3 Rc8 16. Nxd5 Nxd5 17. Ba6 Rxc1 18. Rxc1 Qa8 19. h4 Rc8 20. Rxc8+ Qxc8 21. Bxb7 Qxb7 22. Qb5 Qc8 23. Ne5 Bf6 24. Nf3 a6 25. Qe2 b5 26. Bd6 Qd8 27. Bg3 Ne7 28. Be5 Qd5 29. Bxf6 gxf6 30. a4 Nf5 31. axb5 axb5 32. Qd2 Kg7 33. Qb4 h5 34. Qc3 Qe4 35. Qb3 Qb1+ 36. Kh2 Qf1 37. Qc2 Nh6 38. Kg3 Qh1 39. Nh2 Nf5+ 40. Kh3 Nxh4 41. Qe4 Ng6 42. Qf3 Qc1 43. b3 Qd2 44. Qe3 Nf4+ 45. Kg3 Ne2+ 46. Kh3 Qxe3+ 47. fxe3 Nc1 48. e4 Nxb3 49. d5 Nc5 50. d6 Kf8 0-1

[Event "Mindsports Open 5th"]
[Site "London"]
[Date "2025.08.14"]
[Round "2.27"]
[White "Li, Harvey"]
[Black "Dasgupta, Avyukt"]
[Result "0-1"]
[WhiteElo "1870"]
[BlackElo "2158"]
[PlyCount "76"]
[EventDate "2025.08.13"]
[EventType "swiss"]
[EventRounds "9"]
[EventCountry "ENG"]
[SourceTitle "BritBase"]
[Source "John Saunders"]
[SourceDate "2025.08.18"]
[SourceVersion "1"]
[SourceVersionDate "2025.08.18"]
[SourceQuality "1"]

1. d4 Nf6 2. c4 c6 3. Nf3 d5 4. Qc2 g6 5. Bf4 Bf5 6. Qb3 Qb6 7. e3 Qxb3 8. axb3 Bxb1 9. Rxb1 e6 10. Ne5 Bb4+ 11. Kd1 Ne4 12. Nd3 Bd6 13. Bxd6 Nxd6 14. c5 Nf5 15. Kc2 Nd7 16. Be2 f6 17. h4 Nh6 18. f3 Nf5 19. Kd2 e5 20. g4 Ng7 21. h5 Kf7 22. dxe5 fxe5 23. e4 g5 24. Rbc1 Rhc8 25. Ne1 Ne6 26. exd5 cxd5 27. Bd3 Ndxc5 28. Bc2 Nd4 29. Ke3 Ncxb3 30. Bxb3 Rxc1 31. Bxd5+ Kf6 32. Bxb7 Rb8 33. Be4 Rb3+ 34. Kf2 Rxb2+ 35. Kg3 Ne2+ 36. Kf2 Nf4+ 37. Kg3 Rxe1 38. Rxe1 Rg2# 0-1

[Event "Mindsports Open 5th"]
[Site "London"]
[Date "2025.08.14"]
[Round "2.28"]
[White "Ravi, Krishna G"]
[Black "Kilambi, Venkata Ananth Aksh"]
[Result "1-0"]
[WhiteElo "2074"]
[BlackElo "1936"]
[PlyCount "139"]
[EventDate "2025.08.13"]
[EventType "swiss"]
[EventRounds "9"]
[EventCountry "ENG"]
[SourceTitle "BritBase"]
[Source "John Saunders"]
[SourceDate "2025.08.18"]
[SourceVersion "1"]
[SourceVersionDate "2025.08.18"]
[SourceQuality "1"]

1. d4 d5 2. c4 e6 3. Nc3 h6 4. Nf3 Nf6 5. Bf4 Bd6 6. Qc1 a6 7. c5 Bxf4 8. Qxf4 O-O 9. e3 Nc6 10. g4 Qe7 11. Rg1 g5 12. Nxg5 e5 13. dxe5 Qxe5 14. Nh3 Qxf4 15. Nxf4 d4 16. exd4 Re8+ 17. Be2 Nxd4 18. O-O-O Nxe2+ 19. Nfxe2 Re5 20. Rd8+ Kh7 21. b4 Nxg4 22. Rxc8 Rxc8 23. Rxg4 a5 24. a3 axb4 25. axb4 Rh5 26. h4 Rf5 27. Ne4 Rg8 28. Rg3 Rxg3 29. fxg3 Re5 30. N4c3 Kg6 31. g4 c6 32. Nf4+ Kf6 33. Kd2 Re8 34. Kd3 Ke5 35. Ke3 Rg8 36. Nd3+ Ke6 37. Kf4 Rd8 38. Ke4 Rg8 39. Nf2 Kf6 40. Kf4 Ke6 41. Nfe4 f6 42. Ng3 Rh8 43. Nf5 Kd7 44. Ne4 Ke6 45. Nc3 Kd7 46. h5 Ke6 47. Ne4 Rh7 48. Ned6 Kd5 49. Ne3+ Ke6 50. Ndf5 Kd7 51. Nd4 Re7 52. Ndf5 Rh7 53. Ke4 Ke6 54. Nd4+ Kd7 55. Kf5 Re7 56. Ndc2 Re6 57. Kg6 Re5 58. Kxf6 Rg5 59. Nd4 Rg8 60. Ndf5 Re8 61. Kg6 Re6+ 62. Kg7 Kc7 63. g5 hxg5 64. h6 b6 65. h7 Re8 66. Nh6 Re7+ 67. Nf7 Re8 68. Ng4 bxc5 69. bxc5 Re4 70. h8=Q 1-0

[Event "Mindsports Open 5th"]
[Site "London"]
[Date "2025.08.14"]
[Round "2.29"]
[White "Udovenko, Daniel"]
[Black "Bonn, Thomas"]
[Result "1/2-1/2"]
[WhiteElo "1870"]
[BlackElo "2173"]
[PlyCount "71"]
[EventDate "2025.08.13"]
[EventType "swiss"]
[EventRounds "9"]
[EventCountry "ENG"]
[SourceTitle "BritBase"]
[Source "John Saunders"]
[SourceDate "2025.08.18"]
[SourceVersion "1"]
[SourceVersionDate "2025.08.18"]
[SourceQuality "1"]

1. e4 c5 2. Nf3 Nc6 3. Bb5 e5 4. Bxc6 dxc6 5. d3 Bd6 6. Nbd2 Ne7 7. Nc4 f6 8. Be3 Be6 9. Qd2 b6 10. Nxd6+ Qxd6 11. a3 a5 12. Qc3 a4 13. Nd2 Qc7 14. h4 Nc8 15. h5 Nd6 16. Nf3 Nb5 17. Qd2 Nd4 18. Bxd4 cxd4 19. Nh4 c5 20. f3 Ra5 21. Kf2 Rb5 22. Rab1 c4 23. Nf5 Bxf5 24. exf5 h6 25. dxc4 Qxc4 26. Qd3 Rc5 27. Qxc4 Rxc4 28. Rhc1 Kd7 29. Ke2 Rhc8 30. Kd2 Kd6 31. b3 axb3 32. Rxb3 R8c6 33. c3 Kd5 34. Rb5+ R4c5 35. c4+ Kd6 36. Rb4 1/2-1/2

[Event "Mindsports Open 5th"]
[Site "London"]
[Date "2025.08.14"]
[Round "2.30"]
[White "Tica, Sven"]
[Black "Vashisht-Pigem, Raman"]
[Result "1-0"]
[WhiteElo "2442"]
[BlackElo "1981"]
[PlyCount "51"]
[EventDate "2025.08.13"]
[EventType "swiss"]
[EventRounds "9"]
[EventCountry "ENG"]
[SourceTitle "BritBase"]
[Source "John Saunders"]
[SourceDate "2025.08.18"]
[SourceVersion "1"]
[SourceVersionDate "2025.08.18"]
[SourceQuality "1"]

1. Nf3 d6 2. d4 Nf6 3. h3 g6 4. Bf4 Bg7 5. e3 O-O 6. Be2 c5 7. c3 Nc6 8. O-O cxd4 9. cxd4 Bd7 10. Nc3 Re8 11. Rc1 Qb6 12. Qd2 Rac8 13. Bg5 Qd8 14. e4 e5 15. dxe5 dxe5 16. Rfd1 Be6 17. Qe3 Qb6 18. Qxb6 axb6 19. Be3 Nd7 20. Nb5 Bf8 21. Ng5 Nc5 22. Nxe6 Nxe6 23. Bxb6 Ncd4 24. Nxd4 Nxd4 25. Bc4 Bc5 26. Bxc5 1-0